000 00740cam a2200193 4500
008 000000n2000 000 0 eng u
020 _a0101471122
035 _a(Sirsi) u105941
041 _aeng
050 _a388.1
_c18
110 _aUnited Kingdom
_bDepartment of the Environment, Transport and the Regions
_93507
245 4 _aThe government's response to the SACTRA report on transport and the economy
260 _aLondon
_bStationery Office
_c2000
350 _a5.50
490 _aCm
_v4711
690 _aPROPERTY-INFRASTRUCTURE-TRANSPORT INFRASTRUCTURE
856 _uhttps://www.dft.gov.uk/stellent/groups/dft_econappr/documents/page/dft_econappr_504948.hcsp
_zView the report free of charge at www.dft.gov.uk...
942 _n0
999 _c100505
_d100505